<?xml version="1.0" encoding="UTF-8"?>
<collection xmlns="http://www.loc.gov/MARC21/slim">
  <record>
    <leader>00000nam  2200000   4500</leader>
    <controlfield tag="001">INLIS000000000006089</controlfield>
    <controlfield tag="005">20250224081925</controlfield>
    <datafield tag="035" ind1="#" ind2="#">
      <subfield code="a">0010-0522000287</subfield>
    </datafield>
    <datafield tag="245" ind1="1" ind2="#">
      <subfield code="a">Absorpsi, Leaching, dan Ekstraksi pada Industri Kimia /</subfield>
      <subfield code="c">Misri Gozan</subfield>
    </datafield>
    <datafield tag="100" ind1="1" ind2="#">
      <subfield code="a">GOZAN, Misri</subfield>
    </datafield>
    <datafield tag="250" ind1="#" ind2="#">
      <subfield code="a">Cet. 1</subfield>
    </datafield>
    <datafield tag="300" ind1="#" ind2="#">
      <subfield code="a">viii, 150 halaman :</subfield>
      <subfield code="b">gambar; tabel; grafik ;</subfield>
      <subfield code="c">15,5x23 cm</subfield>
      <subfield code="e">Bibliografi</subfield>
    </datafield>
    <datafield tag="856" ind1="#" ind2="#">
      <subfield code="a">OPAC (Rak Sirkulasi - Rak 6.2)</subfield>
    </datafield>
    <datafield tag="260" ind1="#" ind2="#">
      <subfield code="a">Jakarta :</subfield>
      <subfield code="b">UI-Press,</subfield>
      <subfield code="c">2006</subfield>
    </datafield>
    <datafield tag="082" ind1="#" ind2="#">
      <subfield code="a">531.41</subfield>
    </datafield>
    <datafield tag="084" ind1="#" ind2="#">
      <subfield code="a">531.41 GOZ a</subfield>
    </datafield>
    <datafield tag="020" ind1="#" ind2="#">
      <subfield code="a">979-456-326-9</subfield>
    </datafield>
    <datafield tag="650" ind1="#" ind2="4">
      <subfield code="a">Sumbangan Mahasiswa 2013</subfield>
    </datafield>
    <datafield tag="650" ind1="#" ind2="4">
      <subfield code="a">Massa dan Gaya Berat</subfield>
    </datafield>
    <datafield tag="520" ind1="#" ind2="#">
      <subfield code="a">Buku ini membahas prinsip-prinsip dasar teknik untuk perhitungan-perhitungan operasi dan juga dasar-dasar perancangan absorpsi, leaching dan ekstraksi dengan banyak contoh latihan soal. Selain bermanfaat bagi mahasiswa fakultas teknik, terutama teknik kimia dan biokimia. Buku ini diharapkan memudahkan para praktisi untuk memahami teori dasar pada aplikasi operasi absorpsi, leaching dan ekstraksi yang mereka hadapi sehari-hari industri kimia dan bahan alam.</subfield>
    </datafield>
    <controlfield tag="008">250224################g##########0#ind##</controlfield>
    <datafield tag="990" ind1="#" ind2="#">
      <subfield code="a">5239/SM-13</subfield>
    </datafield>
    <datafield tag="990" ind1="#" ind2="#">
      <subfield code="a">1058/SM-16</subfield>
    </datafield>
    <datafield tag="990" ind1="#" ind2="#">
      <subfield code="a">1077/SM-16</subfield>
    </datafield>
    <datafield tag="990" ind1="#" ind2="#">
      <subfield code="a">155/SM-19</subfield>
    </datafield>
    <datafield tag="990" ind1="#" ind2="#">
      <subfield code="a">253/SM-19</subfield>
    </datafield>
  </record>
</collection>
